Statistics for Nathaniel Hawthorne Bibliography

Click here to take the quiz!

General Stats

  • This quiz has been taken 12 times
  • The average score is 9 of 100

Answer Stats

TypeYearName% Correct
Novel1850The Scarlet Letter
89%
Novel1851The House of the Seven Gables
44%
Short Story1835Young Goodman Brown
44%
Novel1852The Blithedale Romance
33%
Novel1860The Marble Faun: Or, The Romance of Monte Beni
33%
Short Story1832The Minister's Black Veil
33%
Short Story Collection1851A Wonder-Book for Girls and Boys
22%
Short Story1837Dr. Heidegger's Experiment
22%
Short Story1843Egotism; or, The Bosom-Serpent
22%
Short Story1850Ethan Brand - A Chapter from an Abortive Romance
22%
Short Story1837Lady Eleanore's Mantle
22%
Short Story Collection1846Mosses from an Old Manse
22%
Short Story1832My Kinsman, Major Molineux
22%
Short Story1844Rappaccini's Daughter
22%
Short Story1832Roger Malvin's Burial
22%
Short Story1835The Ambitious Guest
22%
Short Story1843The Birth-Mark
22%
Short Story1843The Celestial Railroad
22%
Short Story1843The Celestial Rail-road
22%
Short Story1835The Gray Champion
22%
Short Story1837The May-Pole of Merry Mount
22%
Short Story1850The Snow-Image
22%
Short Story1852The Wives of the Dead
22%
Short Story Collection1837Twice-Told Tales
22%
Short Story1835Wakefield
22%
Short Story1837David Swan
11%
Unfinished Novel1882Doctor Grimshawe's Secret: A Romance
11%
Short Story1844Earth's Holocaust
11%
Short Story1837Endicott and the Red Cross
11%
Short Story1852Feathertop
11%
Short Story Collection1840Grandfather's Chair
11%
Short Story1837Legends of the Province-House
11%
Short Story1837Mr. Higginbotham's Catastrophe
11%
Non-Fiction Book1863Our Old Home
11%
Short Story Collection1853Tanglewood Tales
11%
Short Story1844The Artist of the Beautiful
11%
Short Story1837The Gentle Boy
11%
Short Story1837The Great Carbuncle
11%
Short Story1850The Great Stone Face
11%
Short Story1837The Haunted Mind
11%
Short Story1837The Hollow of the Three Hills
11%
Short Story1843The New Adam and Eve
11%
Short Story1846The Old Manse
11%
Non-Fiction Book1851Twenty Days with Julian & Little Bunny
11%
Short Story1837A Bell's Biography
0%
Short Story1837A Rill from the Town-Pump
0%
Short Story1844A Select Party
0%
Short Story1842A Virtuoso's Collection
0%
Short Story1843Buds and Bird-Voices
0%
Short Story1837Chippings with a Chisel
0%
Short Story1844Drowne's Wooden Image
0%
Short Story1837Edward Fane's Rosebud
0%
Short Story1837Edward Randolph's Portrait
0%
Short Story1837Fancy's Show Box
0%
Novel1828Fanshawe
0%
Short Story1843Fire-Worship
0%
Short Story1837Foot-prints on the Sea-shore
0%
Short Story1837Howe's Masquerade
0%
Short Story1840John Inglefield's Thanksgiving
0%
Short Story1837Little Annie's Ramble
0%
Short Story1852Little Daffydowndilly
0%
Short Story1849Main-street
0%
Short Story1837Monsieur du Miroir
0%
Short Story1837Mrs. Bullfrog
0%
Short Story1837Night Sketches
0%
Short Story1837Old Esther Dudley
0%
Short Story1835Old News
0%
Short Story1852Old Ticonderoga
0%
Short Story1834Passages from a Relinquished Work
0%
Non-Fiction Book1871Passages from the French and Italian Notebooks
0%
Short Story1837Peter Goldthwaite's Treasure
0%
Short Story1845P.'s Correspondence
0%
Unfinished Novel1872Septimius Felton; Or, The Elixir of Life
0%
Short Story1837Sights from a Steeple
0%
Short Story1835Sketches from Memory
0%
Short Story1837Snow-Flakes
0%
Short Story1837Sunday at Home
0%
Short Story1838Sylph Etherege
0%
Short Story1833The Canterbury Pilgrims
0%
Short Story1844The Christmas Banquet
0%
Short Story1835The Devil in Manuscript
0%
Unfinished Novel1863The Dolliver Romance
0%
Short Story Collection1876The Dolliver Romance and Other Pieces
0%
Short Story Collection1889The Great Stone Face and Other Tales of the White Mountains
0%
Short Story1843The Hall of Fantasy
0%
Short Story1844The Intelligence Office
0%
Short Story1837The Lily's Quest
0%
Short Story1837The Man of Adamant
0%
Short Story1843The Old Apple-Dealer
0%
Short Story1843The Procession of Life
0%
Short Story1837The Prophetic Pictures
0%
Short Story1837The Seven Vagabonds
0%
Short Story1837The Shaker Bridal
0%
Short Story1837The Sister Years
0%
Short Story Collection1852The Snow-Image, and Other Twice-Told Tales
0%
Short Story1837The Threefold Destiny
0%
Short Story1837The Toll-Gatherer's Day
0%
Short Story1837The Village Uncle
0%
Short Story1837The Wedding-Knell
0%
Short Story1835The White Old Maid
0%

Score Distribution

Percentile by Number Answered

Percent of People with Each Score

Your Score History

You have not taken this quiz